Responses for Show #2868 - Wednesday, February 5, 1997

1997-A Teen Tournament quarterfinal game 3.

Contestants

[<< previous game]

Faith Hillis, a junior from Fairfax, Virginia

Audrey Droesch, a junior from Darien, Connecticut

Matthew Burgess, a freshman from Louisville, Kentucky

[next game >>]

Jeopardy! Round responses

HISTORY
MUSEUMS
MARCHING BAND
ABBREV.
BIRDS & BEES
MOM ROLES
    $100 1
China

Matthew
    $100 6
San Antonio

Faith
    $100 12
the hat

Audrey
    $100 13
black & white

Audrey
    $100 22
the hummingbird

Audrey
    $100 11
Roseanne

Faith
    $200 2
Easter Island

Faith
    $200 7
the Metropolitan Museum of Art

Faith
    $200 15
a drum major

Faith
    $200 14
a self-addressed stamped envelope

Faith
    $200 23
(Matthew: What is drinking?)
(Alex: I know some guys who could do that!)

flying

Matthew
Triple Stumper
    $200 27
Suddenly Susan

Audrey
    $300 3
New Zealand

Audrey
    $300 8
(Audrey: What is Phoenix?)

Tempe

MatthewAudrey
    $400 16
(Faith: What is "Wild Thing"?)
...
(Alex: In 2 years from now when you're in college, you'll be hearing that song quite a bit!)

"Louie Louie"

Faith
    $300 19
Associated Press

Faith
    $300 24
(Audrey: What are the eyes?)

Nostrils

Audrey
Triple Stumper
    $300 28
Kirstie Alley

Matthew
    $400 4
Ferdinand Marcos

Matthew
    $400 9
(Faith: What is San Francisco?)

San Diego

Faith
Triple Stumper
    $400 17
the French horn

Triple Stumper
    $400 20
Union of Soviet Socialist Republics

Matthew
    $400 25
2

Matthew
    $400 29
the Addams Family

Faith
    $500 5
Worms

Faith
    $500 10
(Faith: What is Birmingham?)
(Audrey: What is Montgomery?)

Huntsville

MatthewAudreyFaith
    $500 18
the Washington Post

Faith
    $500 21
deoxyribonucleic acid

Faith
    $500 26
pollination

Matthew
    $500 30
Sally Field

Matthew

Scores at the first commercial break (after clue 16):

Matthew Audrey Faith
$1,300 -$300 $200

Scores at the end of the Jeopardy! Round:

Matthew Audrey Faith
$3,200 -$300 $1,900

Double Jeopardy! Round responses

FOREIGN LITERATURE
PEOPLE
WORLD GEOGRAPHY
INVENTORS
TV NEWS
BLACK AMERICA
    $200 1
Greek

Audrey
    $200 16
"Tipper"

Audrey
    $200 11
Sahara

Faith
    $200 21
Thomas Edison

Matthew
    $200 30
Dan Rather

Matthew
    $200 4
Clarence Thomas

Matthew
    $400 2
Polish

Audrey
    $400 17
Dan Aykroyd

Triple Stumper
    $400 12
Wales

Faith
    $400 22
Samuel Morse

Audrey
    $400 29
the Democratic & Republican National Conventions

Matthew
    $400 5
"Babyface"

Faith
    $600 3
Fyodor Dostoyevsky

Matthew
    $600 18
Sheryl Crow

Faith
    $600 13
Bolivia

Faith
    $600 23
(Faith: Who is Singer?)

Elias Howe

MatthewFaith
    $600 28
Fox

Audrey
    $600 9
George Washington Carver

Matthew
    $800 6
Hans Christian Andersen

Audrey
    $800 19
Ken Griffey, Jr.

Matthew
    $800 8
Riyadh

Matthew
    $800 24
Archimedes

Triple Stumper
    $800 27
Hard Copy

Audrey
    $800 10
Joycelyn Elders

Faith
    $1000 7
Franz Kafka

Faith
    $1000 20
claymation

Matthew
    $800 14
(Faith: What is Jordan?)

Lebanon

Faith
    $1000 25
Robert Goddard

Faith
    $1000 26
(Matthew: What is Larry King Live?)

Crossfire

MatthewFaith
    $400 15
(Alex: Let me help you out a little... Jordan will not be the correct response in this category!)

Rosa Parks

Faith

Scores at the end of the Double Jeopardy! Round:

Matthew Audrey Faith
$7,600 $3,100 $6,900

Final Jeopardy! Round responses

RULERS
AudreyWho was Caesar Alexander the Gr.
$1,000
FaithWho was Julius Caesar? Hi Lunch Bunch! :)
$5,008
MatthewWho was Julius Caesar?
$2,500
Julius Caesar

Final scores:

Matthew Audrey Faith
$10,100 $2,100 $11,908
2nd place: $1,000 if eliminated 3rd place: $1,000 if eliminated Automatic semifinalist

Game dynamics:

Coryat scores:

Matthew Audrey Faith
$7,600 $3,100 $8,700
19 R,
2 W
12 R,
3 W
21 R
(including 1 DD),
5 W
(including 2 DDs)

Combined Coryat: $19,400

[game clues] [game scores] [suggest correction]

Game tape date: 1997-01-08
The J! Archive is created by fans, for fans. Scraping, republication, monetization, and malicious use prohibited; this site may use cookies and collect identifying information. See terms. The Jeopardy! game show and all elements thereof, including but not limited to copyright and trademark thereto, are the property of Jeopardy Productions, Inc. and are protected under law. This website is not affiliated with, sponsored by, or operated by Jeopardy Productions, Inc. Join the discussion at JBoard.tv.